Entomon (Record no. 23474)

MARC details
000 -LEADER
fixed length control field 00525nam a22001577a 4500
005 - DATE AND TIME OF LATEST TRANSACTION
control field 20090211121240.0
008 - FIXED-LENGTH DATA ELEMENTS--GENERAL INFORMATION
fixed length control field 090211t xxu||||| |||| 00| 0 eng d
245 ## - TITLE STATEMENT
Title Entomon
260 ## - PUBLICATION, DISTRIBUTION, ETC. (IMPRINT)
Place of publication, distribution, etc Trivandrum
Name of publisher, distributor, etc Asociation for Advancement of Entomology
Date of publication, distribution, etc 2008-
300 ## - PHYSICAL DESCRIPTION
Extent v.
Dimensions 24 cm
310 ## - CURRENT PUBLICATION FREQUENCY
Current publication frequency Quarterly
270 ## - ADDRESS
Address University of Kerala
City Trivandrum
365 ## - TRADE PRICE
Price note Rs. 2000.00 annual subscription
942 ## - ADDED ENTRY ELEMENTS (KOHA)
Source of classification or shelving scheme Dewey Decimal Classification
Item type Periodicals
Call number suffix ENT
Serial record 1
Holdings
Withdrawn status Lost status Source of classification or shelving scheme Damaged status Not for loan Collection code Home library Current library Date acquired Total Checkouts Full call number Date last seen Price effective from Koha item type
    Dewey Decimal Classification   Not For Loan Non-fiction D.B.Act.Division D.B.Act.Division 11/02/2009   ENT 11/02/2009 11/02/2009 Periodicals

© Delhi Public Library
Hit Counter
free hit counter